Finnish military effectiveness in the Winter War, 1939-1940 /

Bibliographic Details
Main Author: Tuunainen, Pasi (Author)
Format: Book
Language:English
Published: New York : Palgrave Macmillan, 2016.
Subjects:

MARC

Tag First Indicator Second Indicator Subfields
LEADER 00000cam a2200000Ii 4500
001 in00003737708
005 20160912162403.0
008 160802s2016 nyu b 001 0 eng d
010 |a  2016943509 
035 |a (OCoLC)ocn956625046 
040 |a YDX  |e rda  |c YDX  |d ZCU 
020 |a 9781137446046  |q hardcover 
020 |a 1137446048  |q hardcover 
020 |z 9781137446060  |q eBk 
043 |a e-fi--- 
050 4 |a DL1097  |b .T88 2016 
082 0 |a 948.97032  |2 23 
049 |a TXAM 
100 1 |a Tuunainen, Pasi,  |e author. 
245 1 0 |a Finnish military effectiveness in the Winter War, 1939-1940 /  |c Pasi Tuunainen. 
264 1 |a New York :  |b Palgrave Macmillan,  |c 2016. 
300 |a xv, 266 pages ;  |c 22 cm. 
336 |a text  |b txt  |2 rdacontent 
337 |a unmediated  |b n  |2 rdamedia 
338 |a volume  |b nc  |2 rdacarrier 
504 |a Includes bibliographical references (pages 213-244) and index. 
650 0 |a Russo-Finnish War, 1939-1940. 
651 0 |a Finland  |x Armed Forces  |x History  |y 20th century. 
945 |b 767454 
947 |a A14843442592 
948 |a cataloged  |b h  |c 2016/9/12  |d c  |e dmitchel  |f 4:20:10 pm 
994 |a 92  |b TXA 
999 f f |s 9fa9d6be-3399-3cf3-be8a-77d7653dad33  |i 1a6da2c7-479d-3fa4-9921-fbbacd1dc185  |t 0 
952 f f |p normal  |a Texas A&M University  |b College Station  |c Sterling C. Evans Library  |d Evans: Library Stacks  |t 0  |e DL1097 .T88 2016  |h Library of Congress classification  |i unmediated -- volume  |m A14843442592 
998 f f |a DL1097 .T88 2016  |t 0  |l Evans: Library Stacks